Multiple Choice City Quiz – Bordeaux - Statistics

General Stats
  • This quiz has been taken 246 times
  • The average score is 5 of 10
Answer Stats
Question Answer % Correct
What gothic cathedral is a prominent feature of Bordeaux? Saint-André Cathedral
78%
Which river flows through Bordeaux? Garonne
71%
In which French region is Bordeaux located? Nouvelle-Aquitaine
71%
What colour does the word "Bordeaux" translate to? Burgundy
57%
What is Bordeaux's climate classified as? Oceanic
54%
Which square is the heart of Bordeaux's historic centre? Place de la Bourse
46%
What is the name of the wine museum of Bordeaux? La Cité du Vin
41%
Which French philosopher was born near Bordeaux? Montaigne
38%
Which ancient Roman structure can still be found in Bordeaux? The Palais Gallien
22%
What is Bordeaux's nickname? The Sleeping Beauty
10%
No matching quizzes found
Score Distribution
Percent of People with Each Score
Percentile by Number Answered
Your Score History
You have not taken this quiz